Statistics for Movies by Letter - N

Click here to take the quiz!

General Stats

  • This quiz has been taken 37 times
  • The average score is 9 of 25

Answer Stats

HintAnswer% Correct
The One in The MatrixNeo
76%
Magical caregiver played by Emma ThompsonNanny McPhee
68%
Country with the second-most prolific film industry in the worldNigeria
68%
Romantic comedy with Hugh Grant and Julia RobertsNotting Hill
68%
SpockLeonard Nimoy
59%
Singer-songwriter of Toy Story's "You Got a Friend in Me"Randy Newman
53%
Oskar Schindler and Qui-Gon JinLiam Neeson
50%
Gave us Animal House and a series of Griswald family vacationsNational Lampoon
50%
Coen brothers film set in 1980s west TexasNo Country for Old Men
47%
Murnau's vampire, played by Max SchreckNosferatu
44%
What if everything at the AMNH came alive at night?Night at the Museum
38%
Film where two holidays meet by mistakeThe Nightmare Before Christmas
35%
Don Bluth's first feature: The Secret of _____NIMH
32%
1905 theaters with a five-cent entry feenickelodeons
29%
A Marx Brothers film or a Queen albumA Night at the Opera
26%
"Second star to the right and straight on 'til morning."Neverland
26%
Sean Connery's final Bond film, a remake of ThunderballNever Say Never Again
24%
Played by Kevin Spacey, Frank Langella, John Cusack, and Anthony HopkinsRichard Nixon
24%
Starred in Vertigo, The Man with the Golden Arm, and PicnicKim Novak
21%
Robert Mitchum hunts down two childrenNight of the Hunter
18%
Early journalism format, as in The March of Timenewsreel
15%
Robert Flaherty's first feature, sometimes considered the first documentaryNanook of the North
9%
Brand of portable audio recorders introduced in the 1950sNagra
3%
The BBC's nature documentary departmentNatural History Unit
3%
The Canadian government's filmmaking organizationThe National Film Board of Canada
3%

Score Distribution

Percentile by Number Answered

Percent of People with Each Score

Your Score History

You have not taken this quiz